Diagnóstico de género para la preparación de proyectos de desarrollo: Guía para los responsables de política /
Guardado en:
| Autor Corporativo: | |
|---|---|
| Formato: | Libro |
| Lenguaje: | Spanish |
| Publicado: |
s.l.
Ministerio de Relaciones Exteriores de los países bajos
1994
|
| Materias: | |
| Etiquetas: |
Agregar Etiqueta
Sin Etiquetas, Sea el primero en etiquetar este registro!
|
MARC
| LEADER | 00000nam a22000007a 4500 | ||
|---|---|---|---|
| 003 | cru IIS | ||
| 005 | 20220307143447.0 | ||
| 008 | 220307b |||||||| |||| 00| 0 spa d | ||
| 020 | |a [sin ISBN] | ||
| 040 | |a Centro de Recursos para el Aprendizaje y la Investigación |b español |c cru IIS | ||
| 090 | |a 14.02.03 P964d | ||
| 110 | |9 10283 |a Ministerio de Relaciones Exteriores de los Países Bajos. Programa Especial Mujeres y Desarrollo. | ||
| 245 | 1 | |a Diagnóstico de género para la preparación de proyectos de desarrollo: |b Guía para los responsables de política / |c Programa especial mujeres y desarrollo | |
| 260 | |a s.l. |b Ministerio de Relaciones Exteriores de los países bajos |c 1994 | ||
| 300 | |a 63 páginas | ||
| 500 | |a Colección Centroamérica | ||
| 650 | 0 | 0 | |0 TESAUROS |9 88 |a MUJERES |
| 650 | 0 | 0 | |0 MACROTESAURO OCDE |9 3294 |a DESARROLLO |
| 650 | 0 | 0 | |0 MACROTESAURO OCDE |9 3691 |a POLITICA |
| 650 | 0 | 0 | |0 MACROTESAURO OCDE |9 284 |a POBREZA |
| 650 | 0 | 0 | |9 341 |a MEDIO AMBIENTE |0 TESAUROS |
| 852 | 1 | 1 | |a 14.02.03 P964d |
| 942 | |2 ddc |c LI |h 14.02.03 P964d |k 14.02.03 |m P964d |6 140203_P964D | ||
| 999 | |c 44122 |d 44122 | ||
